[Event "7th ch-Euro"]
[Site "Kusadasi TUR"]
[Date "2006.04.05"]
[Round "2"]
[White "Kuzubov,Y"]
[Black "Lanzani,M"]
[Result "1-0"]
[WhiteElo "2544"]
[BlackElo "2356"]

1.c4 c6 2.d4 d5 3.Nf3 Nf6 4.Nc3 a6 5.c5 Nbd7 6.Bf4 Nh5 7.Bg5 h6 8.Bd2 Nhf6
9.Qc2 g6 10.e4 dxe4 11.Nxe4 Nxe4 12.Qxe4 Nf6 13.Qc2 Be6 14.Bd3 Bg7 15.O-O O-O
16.h3 Nd7 17.Bf4 Bd5 18.Ne5 Nxe5 19.dxe5 e6 20.Rfe1 a5 21.Qd2 g5 22.Bg3 f5
23.exf6 Qxf6 24.Re2 a4 25.a3 Qd4 26.Bd6 Rfd8 27.Rae1 b5 28.Qc2 Bb3 29.Qb1 Rxd6
30.cxd6 Qxd6 31.Bc2 Bc4 32.Rd1 Qf4 33.Bd3 Bb3 34.Rc1 Bd5 35.Be4 Bc4 36.Re3 Rd8
37.Rd1 Rxd1+ 38.Qxd1 Bxb2 39.Qh5 Bg7 40.Qg6  1-0

[Event "7th ch-Euro w"]
[Site "Kusadasi TUR"]
[Date "2006.04.05"]
[Round "2"]
[White "Zhukova,N"]
[Black "Botsari,A"]
[Result "1/2-1/2"]
[WhiteElo "2432"]
[BlackElo "2341"]

1.c4 c6 2.e4 d5 3.exd5 cxd5 4.d4 Nf6 5.Nc3 e6 6.Nf3 Be7 7.cxd5 exd5 8.Ne5 O-O
9.Bd3 Nc6 10.Nxc6 bxc6 11.O-O Bg4 12.Qc2 Qd6 13.h3 Bh5 14.f4 c5 15.Qf2 cxd4
16.Nb5 Qb6 17.g4 a6 18.Na3 Bg6 19.f5 Ne4 20.Qf3 h6 21.Bxe4 dxe4 22.Qxe4 Bxa3
23.fxg6 d3+ 24.Be3 Bc5 25.gxf7+ Kh8 26.Bxc5 Qxc5+ 27.Kh1 Rad8 28.Rad1 d2
29.Kg2 Rd7 30.b4 Qg5 31.Rf2 Qd8 32.Qe3 Rd3 33.Qf4 Qd5+ 34.Kh2 Qxa2 35.Rdxd2 Rxd2
36.Rxd2 Qxf7 37.Qxf7  1/2-1/2

[Event "43rd ch-IND"]
[Site "Visakhapatnam IND"]
[Date "2006.04.06"]
[Round "5"]
[White "Arun Prasad,S"]
[Black "Himanshu,Sh"]
[Result "1-0"]
[WhiteElo "2384"]
[BlackElo "2411"]

1.c4 c6 2.e4 d5 3.exd5 cxd5 4.d4 Nf6 5.Nc3 Nc6 6.Bg5 e6 7.Nf3 Be7 8.Bd3 dxc4
9.Bxc4 O-O 10.O-O b6 11.Qe2 Bb7 12.Rad1 Nb4 13.Ne5 Nbd5 14.a4 Rc8 15.Bd2 Nxc3
16.bxc3 Be4 17.Rfe1 Qc7 18.Bb3 Bg6 19.d5 Bd6 20.dxe6 Bxe5 21.Qxe5 Qxe5 22.Rxe5 Rfe8
23.Rde1 h6 24.f4 Rcd8 25.f5 fxe6 26.Bc1 Bh5 27.fxe6 Kh7 28.Bc4 Rc8 29.Bb5 Rg8
30.Ba6 Rxc3 31.Bb2 Rc5 32.Rxc5 bxc5 33.Ba3 Be8 34.a5 Bc6 35.Bxc5 Ra8 36.Bd4 Bd5
37.Bxf6 gxf6 38.Bb5  1-0

[Event "ch-VIE"]
[Site "Cao Lanh Dong Thap VIE"]
[Date "2006.04.07"]
[Round "7"]
[White "Hoang Canh,H"]
[Black "Nguyen Ngoc Phung"]
[Result "1-0"]
[WhiteElo "2323"]
[BlackElo "2130"]

1.c4 c6 2.e4 d5 3.exd5 cxd5 4.cxd5 Qxd5 5.Nc3 Qa5 6.Nf3 Nf6 7.d4 Bg4 8.h3 Bh5
9.Bf4 e6 10.Bxb8 Rxb8 11.Bb5+ Kd8 12.Be2 Bb4 13.O-O Ke7 14.Ne5 Bxe2 15.Qxe2 Rhd8
16.Rad1 Rbc8 17.Ne4 Qd5 18.Ng5 h6 19.Ngxf7 Rf8 20.Rc1 Ba5 21.Rc5 Qxa2 22.Qc2 Rcd8
23.Nxd8 Rxd8 24.Qg6  1-0

[Event "7th ch-Euro w"]
[Site "Kusadasi TUR"]
[Date "2006.04.08"]
[Round "5"]
[White "Gavasheli,A"]
[Black "Shadrina,T"]
[Result "1/2-1/2"]
[WhiteElo "2202"]
[BlackElo "2377"]

1.c4 c6 2.e4 d5 3.exd5 cxd5 4.cxd5 Qxd5 5.Nc3 Qa5 6.d4 Nf6 7.Nf3 g6 8.Bc4 Bg7
9.O-O O-O 10.Qb3 Qb6 11.Qxb6 axb6 12.Re1 Nc6 13.Bf4 Nh5 14.Bc7 Nxd4 15.Nxd4 Bxd4
16.Rxe7 Be6 17.Bxe6 fxe6 18.Ne4 Nf6 19.Rxe6 Nxe4 20.Rxe4 Bxf2+ 21.Kh1 Rfe8
22.Rxe8+ Rxe8 23.h3 Re2 24.Rb1 b5 25.Ba5 Kf7 26.Bc3 Ke6 27.Rd1 b4 28.Bxb4 Rxb2
29.a3 b6 30.Rd6+ Kf5 31.Kh2 Ke4 32.Rd7 h5 33.Re7+ Kd5 34.Rd7+ Kc4 35.Rc7+ Bc5
36.Kg3 Kd3 37.Rg7 Rb3 38.Kh2 Bxb4 39.axb4 Rxb4 40.Rxg6 h4 41.g3 Rb2+ 42.Kg1  1/2-1/2

[Event "ch-DEN"]
[Site "Aalborg DEN"]
[Date "2006.04.09"]
[Round "2"]
[White "Rasmussen,Kar"]
[Black "Aagaard,J"]
[Result "1/2-1/2"]
[WhiteElo "2457"]
[BlackElo "2447"]

1.c4 c6 2.e4 d5 3.cxd5 cxd5 4.exd5 Nf6 5.Qa4+ Nbd7 6.Nc3 g6 7.Nf3 Bg7 8.Bc4 O-O
9.d3 a6 10.Qa3 b6 11.O-O Bb7 12.Re1 Re8 13.Ng5 Rc8 14.Be3 Ne5 15.Rad1 h6
16.Nge4 Nxe4 17.Nxe4 Nxc4 18.dxc4 Rxc4 19.Qd3 Qxd5 20.Qxd5 Bxd5 21.Rxd5 Rxe4
22.b3 Rc8 23.Red1 Rc2 24.R5d2 Rxd2 25.Rxd2 f5 26.g3 b5 27.Rd8+ Kf7 28.Ra8 Re6
29.a4 b4 30.Rb8 Bc3 31.Kg2 h5 32.Bc5 Re2 33.Rb7 Rb2 34.Rxe7+ Kf6 35.Ra7 Rxb3
36.Rxa6+ Kf7 37.a5 Rb1 38.Rb6 b3 39.a6 b2 40.a7 Ra1 41.Rb3 Be5 42.Kf3 Ke6
43.Ke2 Ra2 44.Ke3 Bf6 45.Kd3 Kd5 46.Be3 Ra3 47.Kc2 Ra1 48.Rb7 Ke6 49.Rb8  1/2-1/2

[Event "TCh-HUN 2005-6"]
[Site "Hungary HUN"]
[Date "2006.04.09"]
[Round "10"]
[White "Pinter,J"]
[Black "Kiss,Pa"]
[Result "1-0"]
[WhiteElo "2532"]
[BlackElo "2400"]

1.c4 c6 2.e4 d5 3.exd5 cxd5 4.d4 Nf6 5.Nc3 Nc6 6.Bg5 e6 7.Nf3 Be7 8.Bd3 dxc4
9.Bxc4 O-O 10.O-O a6 11.a4 b6 12.Qd3 Bb7 13.Rad1 Nb4 14.Qe2 Nfd5 15.Bd2 Re8
16.Ne5 Bf8 17.Ne4 f6 18.Nf3 Qd7 19.Nc3 Kh8 20.Rc1 Bd6 21.Bb3 Qf7 22.Ne4 Bf8
23.Rfe1 Qd7 24.a5 bxa5 25.Nc5 Bxc5 26.Rxc5 a4 27.Bc4 Qd6 28.Qe4 Re7 29.Qg4 Rc8
30.Rc1 Rce8 31.Nh4 g5 32.Nf3 Rg7 33.Qg3 Qxg3 34.hxg3 Rd7 35.Be2 Rd6 36.R5c4 a5
37.Rc5 Ra8 38.Ra1 Nb6 39.Ne1 Bd5 40.Rxa5 Nc6 41.Rxa8+ Nxa8 42.Rxa4 Nb6 43.Ra6 Nxd4
44.Bd3 e5 45.Bc3 Nb3 46.Bb4 Re6 47.Bf5 Rc6 48.Nc2 Nd4 49.Nxd4 exd4 50.Ra7 Be6
51.Be4 Rc1+ 52.Kh2 f5 53.Bd3 Nd5 54.Bd6 Kg8 55.g4 Rd1 56.gxf5 Bf7 57.Ra8+ Kg7
58.Bc2 Rd2 59.Bf8+ Kf6 60.Ra6+ Be6 61.Rxe6+ Kf7 62.Bb3  1-0

[Event "7th ch-Euro"]
[Site "Kusadasi TUR"]
[Date "2006.04.10"]
[Round "7"]
[White "Zueger,B"]
[Black "Kuzubov,Y"]
[Result "0-1"]
[WhiteElo "2433"]
[BlackElo "2544"]

1.c4 c6 2.Nf3 d5 3.e3 Nf6 4.d4 Bf5 5.cxd5 cxd5 6.Nc3 Nc6 7.Ne5 Nd7 8.g4 Be6
9.Nd3 h5 10.gxh5 Bf5 11.Bg2 e6 12.Nf4 Bd6 13.e4 Bxe4 14.Nxe4 dxe4 15.Bxe4 Nf6
16.Bxc6+ bxc6 17.Qf3 Rc8 18.h6 Rxh6 19.Nd3 Rh4 20.Be3 Qa5+ 21.Ke2 Nd5 22.Bg5 Rxd4
23.Rhd1 Qb5 24.Be3 Rxd3 25.Rxd3 Qxb2+  0-1

[Event "LII Nacional Abierto"]
[Site "Mexico City MEX"]
[Date "2006.04.11"]
[Round "1"]
[White "Palma,J"]
[Black "Diaz Lombardo,I"]
[Result "1-0"]
[WhiteElo "2231"]
[BlackElo "1974"]

1.c4 c6 2.Nf3 d5 3.cxd5 cxd5 4.g3 Nc6 5.Bg2 e5 6.O-O Be6 7.d4 e4 8.Ng5 Bf5
9.Nc3 Qd7 10.f3 exf3 11.Nxf3 Nf6 12.Ne5 Qe6 13.Bg5 Ne4 14.Nxe4 Bxe4 15.Bxe4 Nxe5
16.Bg2 Nd7 17.e4 Qg6 18.Bh4 Be7 19.Bxe7 Kxe7 20.exd5 Rhd8 21.Qb3 Nb6 22.a4 a5
23.Rae1+ Kf8 24.Re6  1-0

[Event "7th ch-Euro"]
[Site "Kusadasi TUR"]
[Date "2006.04.12"]
[Round "8"]
[White "Gasthofer,A"]
[Black "Almond,R"]
[Result "1-0"]
[WhiteElo "2418"]
[BlackElo "2073"]

1.c4 c6 2.e4 d5 3.exd5 cxd5 4.cxd5 Nf6 5.Qa4+ Nbd7 6.Nc3 g6 7.Nf3 Bg7 8.Bc4 O-O
9.d3 Nb6 10.Qb3 Bg4 11.Ng5 Qc7 12.O-O h6 13.Nge4 Nxe4 14.Nxe4 Nxc4 15.Qxc4 Qxc4
16.dxc4 Be2 17.Re1 Bxc4 18.Nc3 Rfe8 19.Be3 b6 20.Rad1 Rad8 21.Bd4 Rd7 22.Bxg7 Kxg7
23.Rd4 Ba6 24.Red1 Red8 25.Ra4 Bc8 26.Re1 Kf8 27.f3 a6 28.Rb4 b5 29.a4 bxa4
30.Rxa4 Bb7 31.h4 h5 32.Kh2 Rd6 33.Rea1 Rb6 34.R1a2 Rdd6 35.Ra5 Rb3 36.Rc5 Rb4
37.Kg3 Rdb6 38.Rc7 Rxb2 39.Na4 Rxa2 40.Nxb6 Bxd5 41.Nxd5 e6 42.Nf6 Ra5 43.Nh7+ Kg8
44.Ng5 Rf5 45.Ra7 a5 46.Ne4 f6 47.Re7 g5 48.Rxe6 Kf7 49.Ra6 Kg7 50.Nd6 Rf4
51.Rxa5  1-0

[Event "XXIX Open"]
[Site "Donostia San Sebastian ESP"]
[Date "2006.04.13"]
[Round "7"]
[White "Colovic,A"]
[Black "Prie,E"]
[Result "1/2-1/2"]
[WhiteElo "2459"]
[BlackElo "2475"]

1.c4 c6 2.e4 d5 3.cxd5 cxd5 4.d4 Nf6 5.Nc3 Nc6 6.Bg5 e6 7.e5 Be7 8.Nf3 O-O
9.Bb5 Ne4 10.Bxe7 Qxe7 11.Qc2 Ng5 12.Nxg5 Qxg5 13.Bxc6 bxc6 14.O-O  1/2-1/2

[Event "Cogas Rapid Match B"]
[Site "Almemlo NED"]
[Date "2006.04.14"]
[Round "1"]
[White "Ernst,S"]
[Black "Kroeze,F"]
[Result "1-0"]
[WhiteElo "2488"]
[BlackElo "2419"]

1.c4 c6 2.Nf3 d5 3.e3 Nf6 4.Nc3 e6 5.Qc2 Nbd7 6.d4 b6 7.Be2 Bb7 8.O-O Be7
9.Rd1 O-O 10.b3 Rc8 11.Bb2 c5 12.dxc5 dxc4 13.b4 bxc5 14.b5 Qc7 15.h3 Nd5
16.a3 Bf6 17.Nd2 Nb4 18.axb4 cxb4 19.Nde4 bxc3 20.Nxf6+ Nxf6 21.Qxc3 Qc5
22.Rd4 Qg5 23.Bf1 Nd5 24.Qc2 c3 25.Bc1 Ra8 26.Rda4 Qd8 27.Rxa7 Rxa7 28.Rxa7 Qb6
29.Ra4 Rc8 30.e4 Nf6 31.Be3 Qd6 32.f3 Nh5 33.Rd4 Qe7 34.Qd3 c2 35.Rd7 Qh4
36.Rxb7 Qe1 37.Rc7 Qxe3+ 38.Qxe3 Rxc7 39.Qc1  1-0

[Event "7th ch-Euro"]
[Site "Kusadasi TUR"]
[Date "2006.04.14"]
[Round "10"]
[White "Narciso Dublan,M"]
[Black "Mastrovasilis,D"]
[Result "0-1"]
[WhiteElo "2525"]
[BlackElo "2573"]

1.c4 c6 2.e4 d5 3.exd5 Nf6 4.Nc3 cxd5 5.d4 Nc6 6.Nf3 Bg4 7.cxd5 Nxd5 8.Qb3 Bxf3
9.gxf3 e6 10.Qxb7 Nxd4 11.Bb5+ Nxb5 12.Qc6+ Ke7 13.Qxb5 Qd7 14.Nxd5+ Qxd5
15.Qxd5 exd5 16.Bd2 Ke6 17.Bc3 Bc5 18.Bxg7 Rhg8 19.Bc3 Rg2 20.O-O-O Bxf2
21.Rd2 Rag8 22.Re2+ Kf5 23.Re5+ Kf4 24.Rxd5 Be3+ 25.Kb1 R8g5 26.Rd6 f5 27.Rh6 Kxf3
28.Rxh7 f4 29.h4 Rg1+ 30.Rxg1 Rxg1+ 31.Kc2 Rc1+ 32.Kb3 Kg4 33.h5 Rh1 34.h6 Kg5
35.Rf7 Rxh6 36.Be5 Ra6 37.a4 Kg4 38.Bxf4 Bxf4 39.Ka3 Bc1 40.Rf1 Rc6 41.a5 Rc7
42.Rf2 Kg3 43.Re2 Kf3 44.Rh2 Ke3 45.Ka4 Kd3 46.b3 Bd2 47.Kb5 Be3 48.b4 Rb7+
49.Ka4 Kc3 50.b5 Bd4 51.Rh1 Kc4 52.Rc1+ Bc3 53.Rh1 Rf7 54.b6 a6 55.Rh4+ Bd4
56.Rh1 Rf2 57.Rc1+ Bc3 58.Ka3 Rf5  0-1

[Event "17th Pobeskydi Radegast Cup"]
[Site "Frydek Mistek CZE"]
[Date "2006.04.15"]
[Round "6"]
[White "Cibicek,J"]
[Black "Taus,M"]
[Result "0-1"]
[WhiteElo "1935"]
[BlackElo "2115"]

1.c4 c6 2.d4 g6 3.Nc3 Bg7 4.e4 d5 5.e5 Nh6 6.Nf3 O-O 7.Bf4 e6 8.Qd2 Nf5 9.g4 Nh4
10.Nxh4 Qxh4 11.g5 dxc4 12.h3 Rd8 13.Be2 c5 14.Bg4 Rxd4 15.Qe3 Rxf4 16.Qxf4 Nc6
17.O-O-O h5 18.Ne4 Bxe5 19.Nf6+ Kg7 20.Qd2 Nd4 21.Ne4 Bf4 22.Qxf4 Ne2+ 23.Bxe2 Qxf4+
24.Nd2 b5 25.Kb1 Bb7 26.f3 Rd8 27.Ne4  0-1

[Event "7th ch-Euro w"]
[Site "Kusadasi TUR"]
[Date "2006.04.15"]
[Round "11"]
[White "Khurtsidze,N"]
[Black "Kadimova,I"]
[Result "0-1"]
[WhiteElo "2430"]
[BlackElo "2310"]

1.c4 c6 2.e4 d6 3.d4 e5 4.Nf3 Bg4 5.Be2 Nd7 6.Nc3 Be7 7.O-O Bxf3 8.Bxf3 Bg5
9.Bxg5 Qxg5 10.d5 c5 11.Qb3 b6 12.Qa4 Qd8 13.Qc6 Ne7 14.Qxd6 h5 15.Nb5 Rc8
16.Nxa7 Rh6 17.Nxc8 Nxc8 18.Qxh6 gxh6 19.b3 Nd6 20.Rae1 Qg5 21.a4 h4 22.Re3 Nf6
23.Ra1 Kf8 24.g3 h3 25.Rf1 Qg6 26.Rfe1 h5 27.Kf1 Ng4 28.Bxg4 hxg4 29.R1e2 Qf6
30.Re1 Qg6 31.R1e2 f6 32.Re1 Nf7 33.f3 gxf3 34.Rxf3 Ng5 35.Rfe3 f5 36.exf5 Qxf5+
37.Kg1 e4 38.Rf1 Nf3+ 39.Kh1 Kg7 40.Re2 e3 41.d6 Qe4 42.d7 Nd4+  0-1

[Event "Foxwoods Open"]
[Site "Ledyards USA"]
[Date "2006.04.15"]
[Round "7"]
[White "Hanken,J"]
[Black "Frhat,A"]
[Result "0-1"]
[WhiteElo "2007"]
[BlackElo "2376"]

1.c4 c6 2.g3 d5 3.Nf3 Nf6 4.Bg2 Bg4 5.Qb3 Qb6 6.Qxb6 axb6 7.Ne5 Bh5 8.cxd5 Nxd5
9.Nc3 e6 10.d4 Nb4 11.Be4 f6 12.Nc4 b5 13.Ne3 Nd7 14.Bd2 Nb6 15.g4 Bg6 16.O-O O-O-O
17.Bxg6 hxg6 18.Ng2 Nc4 19.Bf4 Nc2 20.Rac1 Nxd4 21.b3 Bb4 22.Rfe1 Na3 23.Ne3 Nac2
24.Nxc2 Bxc3 25.Nxd4 Rxd4 26.Rxc3 Rxf4 27.f3 Rd4 28.Rc2 f5 29.e3 Rd3 30.Kg2 Kc7
31.Kg3 e5 32.h3 Kd6 33.Ree2 Ke6 34.Rcd2 Rhd8 35.Rxd3 Rxd3 36.Kf2 Rd1 37.Kg2 c5
38.Rc2 Kd5 39.Kg3 b4 40.e4+ fxe4 41.fxe4+ Kd6 42.Kh4 Rh1 43.Kg5 Rxh3 44.Rd2+ Kc6
45.Kxg6 Rg3 46.g5 b5 47.Rc2 Kd6 48.Rd2+ Kc6 49.Rc2 Rc3 50.Rf2 c4 51.Kxg7 Rg3
52.g6 c3 53.Kf6 Kc5 54.Kxe5 Rxg6 55.Kf5 Rg8 56.Re2 Kd4 57.e5 Kd3 58.Rh2 c2
59.Rh3+ Kd2 60.Rh2+ Kc3 61.Rh3+ Kb2  0-1

[Event "44th Doeberl Cup"]
[Site "Canberra AUS"]
[Date "2006.04.16"]
[Round "5"]
[White "Johansen,D"]
[Black "Goldenberg,I"]
[Result "1/2-1/2"]
[WhiteElo "2452"]
[BlackElo "2328"]

1.c4 c6 2.Nf3 d5 3.b3 Bf5 4.Bb2 e6 5.g3 h6 6.Bg2 Nf6 7.O-O Be7 8.d3 O-O 9.Nbd2 Nbd7
10.a3 a5 11.Ra2 Re8 12.Qa1 Bf8 13.Ne5 Nxe5 14.Bxe5 Nd7 15.Bc3 Nc5 16.Rb1 Bg6
17.Bf1 f6 18.cxd5 cxd5 19.Rc1 Qb6 20.b4 axb4 21.axb4 Rxa2 22.Qxa2  1/2-1/2

[Event "17th Pobeskydi Radegast Cup"]
[Site "Frydek Mistek CZE"]
[Date "2006.04.17"]
[Round "9"]
[White "Pavlicek,M"]
[Black "Snorek,M"]
[Result "1-0"]
[WhiteElo "2044"]
[BlackElo "2129"]

1.c4 c6 2.Nc3 d5 3.cxd5 cxd5 4.d4 Nf6 5.g3 Bf5 6.Bg2 e6 7.Bf4 Bd6 8.Bxd6 Qxd6
9.Nf3 Nc6 10.a3 O-O 11.O-O a6 12.Nh4 Be4 13.f3 Bg6 14.Nxg6 hxg6 15.f4 Ng4
16.Qd3 f5 17.Na4 Na5 18.b3 Rac8 19.h3 Nf6 20.Nc5 Rc7 21.Rfb1 Rfc8 22.Qd2 b6
23.Nxa6 Rc3 24.Rc1 Nxb3 25.Rxc3 Nxd2 26.Rxc8+ Kh7 27.Nb4 Nb3 28.Rd1 b5 29.Rc6 Qd7
30.Rd3 Na5 31.Rcc3 Nc4 32.Na6 Qd6 33.Nb4 Nd7 34.Nc2 Ndb6 35.Rb3 Qd7 36.Ne1 Na5
37.Rbc3 Na4 38.Rc1 Nb2 39.Rdc3 Nac4 40.Nf3 Na4 41.Rb3 Kg8 42.Ne5 Qa7 43.e3 Qa5
44.Rb4 Nxa3 45.Rc8+ Kh7 46.Nf7 g5 47.Nxg5+ Kh6 48.Rh8+ Kg6 49.Re8 Kh6 50.Rxe6+ g6  1-0

[Event "TCh-NED 2005-6"]
[Site "Netherlands NED"]
[Date "2006.04.23"]
[Round "9"]
[White "Hoeksema,E"]
[Black "Van de Oudeweetering,A"]
[Result "1-0"]
[WhiteElo "2397"]
[BlackElo "2350"]

1.c4 c6 2.Nc3 d5 3.e3 Nf6 4.Nf3 e6 5.b3 Nbd7 6.Be2 Bd6 7.O-O O-O 8.d4 b6
9.cxd5 exd5 10.Bb2 Re8 11.Qc2 Nf8 12.Bd3 Bg4 13.Nd2 Rc8 14.Rae1 Bb8 15.f4 c5
16.dxc5 Rxc5 17.b4 Rc8 18.Nb3 d4 19.Nxd4 Nd5 20.Qd2 Nxb4 21.Bb5 Bd7 22.Be2 Be6
23.a3 Nc6 24.Ba6 Nxd4 25.exd4 Rc7 26.d5 f6 27.Bb5 Bd7 28.Bd3 Rc5 29.Ne4 Ra5
30.Bc4 Ng6 31.d6+ Kh8 32.Qd4 Bc6 33.Ng5 Rf8 34.Rd1 Ra4 35.Ne6 Qd7 36.Nxf8 Nxf8
37.Qd3 Qg4 38.Bd5 Bxd5 39.Qxd5 Nd7  1-0

[Event "XIII TCh-RUS"]
[Site "Sochi RUS"]
[Date "2006.04.23"]
[Round "4"]
[White "Iljin,A"]
[Black "Kharitonov,Alexandr"]
[Result "1/2-1/2"]
[WhiteElo "2505"]
[BlackElo "2523"]

1.c4 c6 2.Nf3 d5 3.d4 Nf6 4.Qc2 dxc4 5.Qxc4 Bf5 6.g3 e6 7.Bg2 Nbd7 8.Nc3 Be7
9.O-O O-O 10.a4 Ne4 11.a5 Nxc3 12.bxc3 Be4 13.Ba3 c5 14.Nd2 Bxg2 15.Kxg2 Rc8
16.Qb5 Rc7 17.Rfb1 Nf6 18.Nf3 Qd5 19.Qd3 Qe4 20.Bxc5 Bxc5 21.dxc5 Rfc8 22.Rb4 Qc6
23.Qd6 Qe8 24.Rab1 Rxc5 25.Rxb7 Ne4 26.Qd3 Nxc3 27.Rc1 Na4 28.Ra1 Rxa5 29.Qd7 Nc5  1/2-1/2

[Event "Classics GMA"]
[Site "Gausdal NOR"]
[Date "2006.04.24"]
[Round "2"]
[White "Reinderman,D"]
[Black "Porper,E"]
[Result "0-1"]
[WhiteElo "2493"]
[BlackElo "2469"]

1.c4 c6 2.e4 d5 3.exd5 cxd5 4.d4 Nf6 5.Nc3 e6 6.Nf3 Bb4 7.cxd5 Nxd5 8.Qc2 Nc6
9.Be2 Nce7 10.O-O O-O 11.a3 Bd6 12.Bd3 h6 13.Re1 b6 14.Nxd5 Nxd5 15.Qe2 Nf6
16.Ne5 Bb7 17.Qe3 Bc7 18.Bd2 Qd5 19.Qg3 Qxd4 20.Bxh6 Nh5 21.Qh3 Bxe5 22.Qxh5 Qxd3
23.Rxe5 Qh7 24.Rg5 g6 25.Qh3 Rfd8 26.Rg4 Rd5 27.Rh4 Rad8 28.f3 Rd1+ 29.Rxd1 Rxd1+
30.Kf2 Qh8 31.Kg3 Qxb2 32.Qg4 Qxa3 33.Bf4 Bxf3 34.Rh8+ Kxh8 35.Be5+ Kg8  0-1

[Event "XIII TCh-RUS"]
[Site "Sochi RUS"]
[Date "2006.04.24"]
[Round "5"]
[White "Grigoriants,S RUS"]
[Black "Deviatkin,A"]
[Result "1/2-1/2"]
[WhiteElo "2568"]
[BlackElo "2531"]

1.c4 c6 2.d4 d5 3.Nf3 Nf6 4.e3 Bf5 5.Nc3 e6 6.Nh4 Bg6 7.Nxg6 hxg6 8.Qc2 Nbd7
9.Bd2 Be7 10.Bd3 Qc7 11.h3 a6 12.a3 g5 13.O-O-O dxc4 14.Bxc4 c5 15.Ba2 Qc6
16.f3 Rc8 17.dxc5 Nxc5 18.Kb1 b5 19.Ne2 Ra8  1/2-1/2

[Event "81st ch-ARG"]
[Site "San Luis ARG"]
[Date "2006.04.26"]
[Round "1"]
[White "Perelman,H"]
[Black "Amura,C"]
[Result "1/2-1/2"]
[WhiteElo "2148"]
[BlackElo "2368"]

1.c4 c6 2.d4 Nf6 3.Nf3 d5 4.Qc2 g6 5.Bf4 dxc4 6.Qxc4 Bg7 7.e3 O-O 8.Be2 Be6
9.Qc1 Nbd7 10.Nc3 Nd5 11.Bg3 c5 12.O-O Rc8 13.Rd1 cxd4 14.Nxd4 Nxc3 15.bxc3 Bc4
16.Bf3 e5 17.Nb3 Qc7 18.Qa3 b6 19.Rac1 Rfd8 20.Bh4 Nf6 21.Nd2 Bd5 22.Be2 Qc6
23.Bf1 Bf8 24.Qa6 Be7 25.h3 Rc7 26.Bg3 Qe6 27.c4 Bb7 28.Qa4 Rcd7 29.Nf3 Bc6
30.Qb3 Rxd1 31.Rxd1 Rxd1 32.Qxd1 Bd6 33.Ng5 Qe7 34.Be2 Bc5  1/2-1/2

[Event "8th Dubai Open"]
[Site "Dubai UAE"]
[Date "2006.04.28"]
[Round "6"]
[White "Anastasian,A"]
[Black "Bajarani,I"]
[Result "1/2-1/2"]
[WhiteElo "2553"]
[BlackElo "2352"]

1.c4 c6 2.Nf3 Nf6 3.Nc3 d5 4.e3 g6 5.d4 Bg7 6.Bd3 O-O 7.O-O Bg4 8.h3 Bxf3
9.Qxf3 Qd6 10.Bd2 Nbd7 11.cxd5 Nxd5 12.Rfd1 e5 13.Bc4 N5b6 14.Bb3 exd4 15.Ne4 Qe7
16.exd4 Nf6 17.Re1 Nxe4 18.Rxe4 Qd7 19.Rae1 Nd5 20.h4 h5 21.g4 hxg4 22.Rxg4 Rfe8
23.Rxe8+ Rxe8 24.Rg5 Qe7 25.Bxd5 cxd5 26.Rxd5 Qxh4 27.Be3 Qe7 28.Kg2 a6 29.b3 b5
30.Rc5 Qd7 31.Rd5 Qc8 32.Rd6 Re6 33.Rxe6 fxe6 34.Qe4 Kf7 35.Bf4 Qd7 36.Be5 Bxe5
37.dxe5 Kg7 38.Kg3 a5 39.Qf3 Qe7 40.Kg4 a4 41.Qf4 axb3 42.axb3 Qd8 43.f3 Qe7
44.Qd4 Qf7 45.Qd3 Qa7 46.Kf4 b4 47.Qd6 Qf7+ 48.Kg3 Qf5 49.Qe7+ Kg8 50.Qd8+ Kg7
51.Qd4 g5 52.Qxb4 Qxe5+ 53.Kf2 Qh2+ 54.Ke3 Qg1+ 55.Ke4 Qb1+ 56.Kd4 Qd1+ 57.Ke3 Qg1+
58.Ke2 Qg2+  1/2-1/2

[Event "Classics GMB"]
[Site "Gausdal NOR"]
[Date "2006.04.29"]
[Round "7"]
[White "Silseth,S"]
[Black "Westerinen,H"]
[Result "0-1"]
[WhiteElo "2328"]
[BlackElo "2386"]

1.c4 c6 2.d4 d5 3.Nf3 Nf6 4.e3 a6 5.Nbd2 Bf5 6.Qb3 Ra7 7.Bd3 Bxd3 8.Qxd3 e6
9.O-O Be7 10.e4 O-O 11.b3 dxe4 12.Nxe4 Nbd7 13.Bf4 Nxe4 14.Qxe4 Nf6 15.Qe2 Ra8
16.Rad1 Qa5 17.Rd3 Rad8 18.Rfd1 Rfe8 19.Be5 b5 20.Ng5 bxc4 21.bxc4 Nd7 22.Nf3 Qa4
23.R3d2 c5 24.dxc5 Nxc5 25.Rxd8 Rxd8 26.Rxd8+ Bxd8 27.h3 h6 28.Bxg7 Kxg7
29.Qe5+ Bf6 30.Qxc5 Qxa2 31.g4 a5 32.Kg2 a4 33.Ne5 Qb2 34.Nd3 Qe2 35.Qe3 Qxe3
36.fxe3 a3 37.Nb4 Be7 38.Na2 Kf6 39.Kf3 Bc5 40.Kf4 Bd6+ 41.Ke4 Kg5 42.Kf3 Bc5
43.Nc3 Kh4 44.e4 Kxh3 45.Na2 Bd6 46.Nc3 Kh4 47.Na2 Kg5 48.Nc1 Bc5 49.Na2 Kf6
50.Kf4 Bd6+ 51.Ke3 Ke5  0-1

[Event "XIII TCh-RUS"]
[Site "Sochi RUS"]
[Date "2006.04.29"]
[Round "10"]
[White "Filippov,Va"]
[Black "Jakovenko,D"]
[Result "1-0"]
[WhiteElo "2561"]
[BlackElo "2675"]

1.c4 c6 2.d4 d5 3.Nf3 Nf6 4.Nc3 a6 5.c5 Nbd7 6.Bf4 Nh5 7.e3 b6 8.b4 Nxf4
9.exf4 Qc7 10.g3 a5 11.b5 Bb7 12.cxb6 Nxb6 13.bxc6 Bxc6 14.Ne5 e6 15.a3 Bd7
16.Nb5 Qd8 17.Bd3 Be7 18.O-O O-O 19.Qe2 Rc8 20.Rfe1 Nc4 21.Nxc4 Bxb5 22.Ne5 Bxd3
23.Qxd3 g6 24.Rec1 Qd6 25.a4 f6 26.Nf3 Qd7 27.Qa6 Bb4 28.h4 h5 29.Ne1 Rfe8
30.Nd3 Rxc1+ 31.Rxc1 Qxa4 32.Rc7 Bf8 33.Nc5 Qd1+ 34.Kg2 Qxd4 35.Qb5 Rd8 36.Qb1 f5
37.Nxe6 Qf6 38.Nxd8 Qxd8 39.Qb7  1-0

[Event "RC SPORT Open"]
[Site "Usti nad Orlici CZE"]
[Date "2006.04.30"]
[Round "2"]
[White "Zeinert,M"]
[Black "Kanovsky,D"]
[Result "1/2-1/2"]
[WhiteElo "2134"]
[BlackElo "2352"]

1.c4 c6 2.Nf3 Nf6 3.g3 d6 4.Bg2 e5 5.d3 g6 6.Nc3 Nbd7 7.O-O a5 8.Rb1 Bg7
9.a3 O-O 10.b4 axb4 11.axb4 d5 12.Qb3 d4 13.Na4 b5 14.cxb5 cxb5 15.Nc5 Rb8
16.Bg5 Nxc5 17.bxc5 Be6 18.Qb2 Qc7 19.Bxf6 Bxf6 20.Rfc1 Rfc8 21.Nd2 Bg5 22.h4 Bh6
23.Ne4 Bxc1 24.Qxc1 Kg7 25.Qg5 Bd5 26.Qf6+ Kg8 27.h5 Bxe4 28.h6 Kf8 29.Bxe4 Ke8
30.c6 b4  1/2-1/2

[Event "81st ch-ARG"]
[Site "San Luis ARG"]
[Date "2006.05.01"]
[Round "6"]
[White "Flores,Di"]
[Black "Peralta,Fe"]
[Result "1/2-1/2"]
[WhiteElo "2494"]
[BlackElo "2524"]

1.c4 c6 2.Nc3 d5 3.e3 e5 4.d4 exd4 5.exd4 Nf6 6.Bd3 Be7 7.Nge2 O-O 8.O-O dxc4
9.Bxc4 Nbd7 10.a3 Nb6 11.Bb3 Nbd5 12.Nf4 Bd6 13.Bxd5 Nxd5 14.Ncxd5 cxd5 15.Qf3 Be6
16.Nd3 Rc8 17.Bf4 Rc4 18.Qe3 Bf5 19.Bxd6  1/2-1/2

[Event "WSB Masters"]
[Site "Wroclaw POL"]
[Date "2006.05.01"]
[Round "7"]
[White "Markosian,D"]
[Black "Kochetkov,G"]
[Result "1/2-1/2"]
[WhiteElo "2397"]
[BlackElo "2364"]

1.c4 c6 2.d4 d5 3.Nc3 Nf6 4.cxd5 cxd5 5.Bf4 Nc6 6.e3 Bf5 7.Nf3 e6 8.Bb5 Bd6
9.Qa4 O-O 10.Bxc6 bxc6 11.Bxd6 Qxd6 12.Ne5  1/2-1/2

[Event "IV Regina Helena Marques Prol"]
[Site "Santos BRA"]
[Date "2006.05.04"]
[Round "8"]
[White "Sega,C"]
[Black "Maia,L"]
[Result "0-1"]
[WhiteElo "2286"]
[BlackElo "2317"]

1.c4 c6 2.Nf3 d5 3.e3 Nf6 4.b3 Bg4 5.Bb2 Nbd7 6.cxd5 cxd5 7.Be2 e6 8.O-O Be7
9.Nc3 O-O 10.Nd4 Bxe2 11.Qxe2 Rc8 12.Rac1 a6 13.f4 Rc7 14.g4 Nb6 15.g5 Nfd7
16.h4 Re8 17.Rf2 Bc5 18.Nf3 Nf8 19.h5 Qe7 20.h6 g6 21.Nb1 Rec8 22.Rff1 Nfd7
23.Qd3 Kf8 24.Qc3 d4 25.Nxd4 e5 26.Nf3 Bd6 27.Qd3 Rxc1 28.Rxc1 Rxc1+ 29.Bxc1 exf4
30.exf4 Qe6 31.Kf2 Nd5 32.Ba3 Bxa3 33.Nxa3 Nxf4 34.Qd4 Qe2+ 35.Kg3 Nh5+  0-1

[Event "1st Open"]
[Site "d'Angers FRA"]
[Date "2006.05.06"]
[Round "1"]
[White "Giraud,T"]
[Black "Loiret,S"]
[Result "0-1"]
[WhiteElo "1978"]
[BlackElo "2231"]

1.c4 c6 2.d4 d5 3.Nf3 e6 4.e3 f5 5.Nc3 Nf6 6.Be2 Bd6 7.Ne5 Nbd7 8.f4 O-O
9.O-O Ne4 10.Nxe4 fxe4 11.Bd2 Qe7 12.Qe1 c5 13.Bc3 b6 14.Nc6 Qe8 15.Qg3 Nf6
16.Ne5 Ba6 17.b3 Rc8 18.a4 Rc7 19.Rac1 Bc8 20.Bb2 Kh8 21.Qh4 Ng8 22.cxd5 exd5
23.Bb5 Qe6 24.f5 Qh6 25.Rf4 Bxe5 26.dxe5 Qxh4 27.Rxh4 Rxf5 28.Rf1 Rcf7 29.Rd1 Be6
30.Be8 g5 31.Bxf7 Rxf7 32.Rh5 h6 33.Rxd5 Bxd5 34.e6+ Rg7 35.e7 Bf7 36.Rh3 Kh7
37.Bxg7 Kxg7 38.Rg3 Nf6  0-1

[Event "XXXVI Bosnia GMB"]
[Site "Sarajevo BIH"]
[Date "2006.05.10"]
[Round "4"]
[White "Saric,Ib"]
[Black "Jovanic,O"]
[Result "1/2-1/2"]
[WhiteElo "2476"]
[BlackElo "2473"]

1.c4 c6 2.e4 d5 3.exd5 cxd5 4.d4 Nf6 5.Nc3 e6 6.Nf3 Bb4 7.cxd5 Nxd5 8.Bd2 Nc6
9.Bd3 O-O 10.O-O Be7 11.a3 Bf6 12.Qc2 g6 13.Bh6 Bg7 14.Bxg7 Kxg7 15.Be4 Nce7
16.Rfe1 b6 17.Nxd5 exd5 18.Bd3 Bf5 19.Bxf5 Nxf5 20.Qa4  1/2-1/2

[Event "Open"]
[Site "Salsomaggiore ITA"]
[Date "2006.05.12"]
[Round "1"]
[White "Vezzosi,P"]
[Black "Grillo,F"]
[Result "1-0"]
[WhiteElo "2362"]
[BlackElo "1978"]

1.c4 c6 2.Nf3 d5 3.b3 Nf6 4.Bb2 Bf5 5.g3 e6 6.Bg2 Bc5 7.O-O O-O 8.Nc3 Nbd7
9.d4 Bd6 10.Nd2 a6 11.e4 dxe4 12.Ndxe4 Nxe4 13.Nxe4 Nf6 14.Nxd6 Qxd6 15.Qe2 Rfe8
16.h3 h6 17.Rad1 Qc7 18.Qe3 Rac8 19.Rd2 a5 20.g4 Bg6 21.f4 Nd7 22.Qf3 a4
23.h4 axb3 24.axb3 b5 25.h5 Bh7 26.g5 hxg5 27.fxg5 Bf5 28.Bh3 g6 29.Rh2 Nf8
30.Bxf5 exf5 31.d5 bxc4 32.hxg6 fxg6 33.Rh8+ Kf7 34.Qc3 Ke7 35.Re1+ Kd8 36.Qf6+ Kd7
37.Qg7+ Kd6 38.Be5+ Rxe5 39.Qxe5+ Kd7 40.Qe7+  1-0